书目信息 |
| 题名: |
永不消逝的无线电波探秘
|
|
| 作者: | 周学全 , 杨丽芬 主编 | |
| 分册: | ||
| 出版信息: | 北京 机械工业出版社 2017.01 |
|
| 页数: | 10,190页 | |
| 开本: | 22cm | |
| 丛书名: | ||
| 单 册: | ||
| 中图分类: | O45 | |
| 科图分类: | ||
| 主题词: | 射频--研究 | |
| 电子资源: | ||
| ISBN: | 978-7-111-54976-5 | |
| 000 | 01106nam0 2200253 450 | |
| 001 | 0100003934 | |
| 005 | 20161223164213.2 | |
| 010 | @a978-7-111-54976-5@b精装@dCNY49.00 | |
| 100 | @a20161223d2017 em y0chiy50 ea | |
| 101 | 0 | @achi |
| 102 | @aCN@b110000 | |
| 105 | @aak z 000yy | |
| 106 | @ar | |
| 200 | 1 | @a永不消逝的无线电波探秘@Ayong bu xiao shi de wu xian dian bo tan mi@f主编周学全,杨丽芬 |
| 210 | @a北京@c机械工业出版社@d2017.01 | |
| 215 | @a10,190页@c图@d22cm | |
| 330 | @a本书以大量的事例、数据、图表等生动活泼的形式,为我们探寻这些奥秘:看不见的无线电波是怎么被发现的?为什么无线电频谱资源会成为珍贵的战略资源?为什么无线电波能让人们充满“智慧”?什么是社会发展不可缺少的无线电波的“蜂窝”“百事通”“千里眼”和“北斗星”?无线电波在战场上是如何“杀人不见血”的,又怎么燃起电磁的“硝烟”?无线电波的世界也有“雾霾”吗?“害人”的无线电波真的很恐怖吗? | |
| 333 | @aXS通信电子类专业人员 | |
| 606 | 0 | @a射频@x研究 |
| 690 | @aO45@v5 | |
| 701 | 0 | @a周学全@Azhou xue quan@4主编 |
| 701 | 0 | @a杨丽芬@Ayang li fen@4主编 |
| 801 | 0 | @aCN@c201701015 |
| 905 | @a河南城建学院图书馆@dO45@eZ805 | |
| 永不消逝的无线电波探秘/主编周学全,杨丽芬.-北京:机械工业出版社,2017.01 |
| 10,190页:图;22cm |
| 使用对象:XS通信电子类专业人员 |
| ISBN 978-7-111-54976-5(精装):CNY49.00 |
| 本书以大量的事例、数据、图表等生动活泼的形式,为我们探寻这些奥秘:看不见的无线电波是怎么被发现的?为什么无线电频谱资源会成为珍贵的战略资源?为什么无线电波能让人们充满“智慧”?什么是社会发展不可缺少的无线电波的“蜂窝”“百事通”“千里眼”和“北斗星”?无线电波在战场上是如何“杀人不见血”的,又怎么燃起电磁的“硝烟”?无线电波的世界也有“雾霾”吗?“害人”的无线电波真的很恐怖吗? |
| ● |
| 相关链接 |
|
|
|
正题名:永不消逝的无线电波探秘
索取号:O45/Z805
 
预约/预借
| 序号 | 登录号 | 条形码 | 馆藏地/架位号 | 状态 | 备注 |
| 1 | 1362700 | 213627002 | 自科库401/401自科库 59排1列1层/ [索取号:O45/Z805] | 在馆 | |
| 2 | 1362701 | 213627011 | 自科库401/401自科库 59排1列1层/ [索取号:O45/Z805] | 在馆 |